Szczegóły MARC21

Hundejahre : Roman /

003 -Nazwa inst., której nr kontr. jest w polu 001 [,]
    • @
    • Nazwa instytucji, której n kontrolny jest w polu 001
    • NUKAT
005 -DATA I CZAS OSTATNIEJ MODYFIKACJI [,]
    • @
    • pole kontrolne
    • 20250710211839.0
020 -Międzynarod. znormalizowany nr książki - ISBN [ , ]
    • a
    • Numer ISBN
    • 3472611499 Find
040 -Instytucja sporządzająca opis [ , ]
    • a
    • Instytucja, która sporządziła opis (NP)
    • SZCZ U/KP
    • c
    • Instytucja, która sporządziła rekord (NP)
    • SZCZ U/KPs
    • d
    • Instytucja, która zmodyfikowała rekord (P)
    • SZCZ U/KP
942 -Rodzaj dokumentu [ , ]
    • c
    • Rodzaj dokumentu
    • Książka
100 -Hasło główne - nazwa osobowa [1, ]
    • a
    • Nazwa osobowa (NP)
    • Grass, Günter
    • d
    • Daty biograficzne (NP)
    • (1927-2015).
    • 9
    • KHW
    • 236475
245 -Strefa tytułu i oznaczenia odpowiedzialności [1,0]
    • a
    • Tytuł
    • Hundejahre : Find
    • b
    • Ciąg dalszy tytułu (NP)
    • Roman / Find
    • c
    • Pozostałe elementy strefy tytułu i oznaczenia odpowiedzialności (NP)
    • Günter Grass.
250 -Strefa wydania [ , ]
    • a
    • Oznaczenie wydania (NP)
    • 12. Aufl.
260 -Strefa adresu wydawniczego [ , ]
    • a
    • Miejsce wydania (P)
    • Darmstadt ;
    • a
    • Miejsce wydania (P)
    • Neuwied :
    • b
    • Nazwa wydawcy (P)
    • Luchterhand Verl.,
    • c
    • Data wydania (P)
    • 1984.
300 -Strefa opisu fizycznego [ , ]
    • a
    • Określenie formy książki i/lub objętość (NP)
    • 473 s ;
    • c
    • Format (NP)
    • 18 cm.
336 -Typ zawartości [ , ]
    • a
    • Termin opisujący typ zawartości
    • Tekst
    • b
    • Kod określający zawartość
    • txt
    • 2
    • Źródło (terminu i kodu)
    • rdacontent
337 -Typ mediów [ , ]
    • a
    • Tryb odtwarzania
    • Bez urządzenia pośredniczącego
    • b
    • Kod typu mediów
    • n
    • 2
    • Źródło (terminu i kodu)
    • rdamedia
338 -Typ/rodzaj nośnika [ , ]
    • a
    • Hasło opisujące typ nośnika
    • Wolumin
    • b
    • Kod typu nośnika
    • nc
    • 2
    • Źródło (terminu i kodu)
    • rdacarrier
490 -Strefa serii i książki wielotomowej - forma nie do wyszukiwania [1, ]
    • a
    • Tytuł (P)
    • Danziger Trilogie / Günter Grass ; Find
    • v
    • Numeracja (P)
    • 3
490 -Strefa serii i książki wielotomowej - forma nie do wyszukiwania [1, ]
    • a
    • Tytuł (P)
    • Sammlung Luchterhand ; Find
    • v
    • Numeracja (P)
    • 149
830 -Hasło dodatkowe serii i opisu książki wielotomowej - tytuł ujednolicony/tytuł [ ,0]
    • a
    • Tytuł ujednolicony/tytuł (NP)
    • Sammlung Luchterhand
    • x
    • ISSN
    • 0179-9142
    • v
    • Oznaczenie tomu (NP)
    • 149
    • 9
    • KHW
    • 344152
651 -Hasło przedmiotowe w formie nazwy geograficznej [ ,7]
    • a
    • Nazwa geograficzna
    • Gdańsk (Polska)
    • v
    • Określnik formalny
    • powieści.
    • 2
    • Źródło terminu
    • kaba
    • 9
    • KHW
    • 429097
655 -Hasło w funkcji tematu formalnego [ ,7]
    • a
    • Hasło
    • Powieść niemiecka
    • y
    • Określnik chronologiczny
    • 1945-1970.
    • 2
    • Źródło terminu
    • kaba
    • 9
    • KHW
    • 358978
710 -Hasło dodatkowe - nazwa ciała zbiorowego [2, ]
    • a
    • Nazwa ciała zbiorowego lub nazwa geograficzna jako pierwszy element (NP)
    • Verlagsgruppe Luchterhand.
    • 4
    • Kod relacji
    • pbl
    • 9
    • KHW
    • 432178
800 -Hasło dodatkowe opisu książki wielotomowej - nazwa osobowa [1, ]
    • a
    • Nazwa osobowa (NP)
    • Grass, Günter
    • d
    • Daty biograficzne (NP)
    • (1927-2015).
    • t
    • Tytuł ujednolicony/tytuł (NP)
    • Danziger Trilogie
    • l
    • Język tekstu (NP)
    • (niem.)
    • v
    • Oznaczenie tomu (NP)
    • 3
    • 9
    • KHW
    • 429038
920 -ISBN [ , ]
    • a
    • ISBN
    • 3-472-61149-9 Find
Sygnatura Status udost. Lokalizacja Numer inwentarzowy
Germ. Literatura niemiecka-3BMG.1486